000 00774nam a2200253Ia 4500
003 OSt
005 20220918170856.0
006 a|||||r|||| 00| 0
007 ta
008 220917b |||||||| |||| 00| 0 eng d
020 _a9780754658238 (hbk)
_c3935.25
024 _a244,372
037 _b1609, 01/12/2010, Channel Publications
_cTextual
040 _aARTS
_cARTS
_beng
041 _2eng
_aeng
082 _aNS4443B, Q0
100 _aRoy Anjali Gera
_931905
245 0 _aBhangra moves
_b From Ludhiana to London and beyond
260 _aFarnham
_bAshgate England
_c2010
300 _axiii, 289p.
_ccm.
650 _aARTS
942 _hNS4443B, Q0
_cTEXL
_2CC
999 _c136395
_d136395